Aqui el problema es no morirse / (Record no. 7453)
[ view plain ]
| 000 -CABECERA | |
|---|---|
| campo de control de longitud fija | 01112cam a2200229 a 4500 |
| 001 - NÚMERO DE CONTROL | |
| campo de control | 000007673 |
| 005 - FECHA Y HORA DE LA ÚLTIMA TRANSACCIÓN | |
| campo de control | 20200929154245.0 |
| 008 - DATOS DE LONGITUD FIJA--INFORMACIÓN GENERAL | |
| campo de control de longitud fija | 950831s1994 cu b 001 0 spa d |
| 020 ## - NÚMERO INTERNACIONAL ESTÁNDAR DEL LIBRO | |
| Número Internacional Estándar del Libro | 959210042X |
| 040 ## - FUENTE DE LA CATALOGACIÓN | |
| Centro catalogador/agencia de origen | DO-SdBNP |
| Centro/agencia transcriptor | WU |
| Centro/agencia modificador | DLC |
| 082 ## - NÚMERO DE LA CLASIFICACIÓN DECIMAL DEWEY | |
| Número de clasificación | Cu864.64 |
| Número de documento/Ítem | C112a |
| 100 1# - ENTRADA PRINCIPAL--NOMBRE DE PERSONA | |
| Nombre de persona | Caballero, Rufo, |
| Fechas asociadas al nombre | 1966- |
| 9 (RLIN) | 21270 |
| 245 10 - MENCIÓN DE TÍTULO | |
| Título | Aqui el problema es no morirse / |
| Mención de responsabilidad, etc. | Rufo Caballero. |
| 260 ## - PUBLICACIÓN, DISTRIBUCIÓN, ETC. | |
| Lugar de publicación, distribución, etc. | La Habana : |
| Nombre del editor, distribuidor, etc. | Casa Editora Abril, |
| Fecha de publicación, distribución, etc. | 1994. |
| 300 ## - DESCRIPCIÓN FÍSICA | |
| Extensión | 86 p. ; |
| Dimensiones | 18 cm. |
| 490 1# - MENCIÓN DE SERIE | |
| Mención de serie | Pinos nuevos |
| 504 ## - NOTA DE BIBLIOGRAFÍA, ETC. | |
| Nota de bibliografía, etc. | Incluye referencias bibliográficas. |
| 505 0# - NOTA DE CONTENIDO CON FORMATO | |
| Nota de contenido con formato | Todo el cine de Pedro Almodóvar - Análisis estructural y compositivo de la tragedia Clásica Española en la película española Amantes, de Vicente Aranda - Poesía y dramaturgia en el cine latinoamericano de 1992 - La poesía visual como macrosistema del cine en la literatura -- - El pensamiento mitológico y las artes plásticas cubanas - El "Encuentro de Culturas" y el ultimo Raúl Martínez - Los Idiomas en la crítica de arte. |
| 650 #4 - PUNTO DE ACCESO ADICIONAL DE MATERIA--TÉRMINO DE MATERIA | |
| Término de materia o nombre geográfico como elemento de entrada | Ensayos cubanos |
| 9 (RLIN) | 5691 |
| 650 #4 - PUNTO DE ACCESO ADICIONAL DE MATERIA--TÉRMINO DE MATERIA | |
| Término de materia o nombre geográfico como elemento de entrada | Literatura cubana |
| Subdivisión cronológica | SIGLO XX |
| 9 (RLIN) | 9186 |
| 830 #0 - PUNTO DE ACCESO ADICIONAL DE SERIE-TÍTULO UNIFORME | |
| Título uniforme | Pinos nuevos |
| 9 (RLIN) | 21271 |
| Estado de retiro | Estado de pérdida | Restricciones de uso | No para préstamo | Código de colección | Localización permanente | Ubicación/localización actual | Ubicación en estantería | Fecha de adquisición | Número de inventario | Total de préstamos | Signatura topográfica completa | Código de barras | Fecha visto por última vez | Precio válido a partir de | Tipo de ítem Koha |
|---|---|---|---|---|---|---|---|---|---|---|---|---|---|---|---|
| Préstamo interno | Monografías: Libros y Folletos | General | General | En catalogación | 09.09.2009 | LF1 | Cu864.64 C112a | 7673-10 | 25.06.2020 | 25.06.2020 | Préstamo interno |
